[Event "Oslo ASKO Hostturnering"]
[Site "Oslo"]
[Date "2005.10.18"]
[Round "4"]
[White "Bryn, Thomas"]
[Black "Arnstein, Lade"]
[Result "1-0"]
[WhiteElo "1812"]
[BlackElo "1577"]
[PlyCount "65"]
[EventDate "2005.09.06"]
[EventType "swiss"]
[EventRounds "7"]
[EventCountry "NOR"]
[SourceTitle "EXT 2009"]
[Source "ChessBase"]
[SourceDate "2008.11.26"]
[SourceVersion "1"]
[SourceVersionDate "2008.11.26"]
[SourceQuality "1"]

1. e4 e5 2. Nf3 Nc6 3. Bb5 a6 4. Ba4 Nf6 5. 0-0 b5 6. Bb3 Nxe4 7. d4 d5 8. dxe5 Be6 9. Nbd2 Nc5 10. c3 Nxb3 11. Nxb3 Be7 12. Be3 Bg4 13. Bf4 0-0 14. h3 Bh5 15. Nbd4 Qd7 16. Nxc6 Qxc6 17. Nd4 Qg6 18. g4 Qe4 19. Qd2 Bg6 20. Rad1 c5 21. f3 Qd3 22. Qxd3 Bxd3 23. Nc6 Bxf1 24. Nxe7+ Kh8 25. Kxf1 f6 26. e6 Rfe8 27. Bd6 g6 28. Bxc5 Rad8 29. Rxd5 Rxd5 30. Nxd5 Rxe6 31. Nxf6 Rxf6 32. Bd4 Kg7 33. g5 1-0